Hóa học và ứng dụng

שמור ב:
מידע ביבליוגרפי
פורמט: ספר
שפה:Undetermined
יצא לאור: Hà Nội Hội Hóa học Việt Nam 2020
נושאים:
תגים: הוספת תג
אין תגיות, היה/י הראשונ/ה לתייג את הרשומה!
Thư viện lưu trữ: Trung tâm Học liệu Trường Đại học Cần Thơ
LEADER 00478nam a2200169Ia 4500
001 CTU_236549
008 210402s9999 xx 000 0 und d
020 |c 0 
082 |a 540 
082 |b H401 
245 0 |a Hóa học và ứng dụng 
245 0 |c Hội Hóa học Việt Nam 
260 |a Hà Nội 
260 |b Hội Hóa học Việt Nam 
260 |c 2020 
650 |a Hóa học,Chemistry 
980 |a Trung tâm Học liệu Trường Đại học Cần Thơ